000 01640nam0a2200361 i 4500
001 RU\NLR\BIBL_A\010193822
005 20241103075729.0
010 _a9785906535733
_9150
021 _aRU
_b2013-104716
_97273
035 _a(NILC)RuMoRGB-006721800
035 _a(NLR Aleph) 010193822
090 _a10211275
_c10211275
100 _a20140221d2013 km y0rusy50 ca
101 0 _arus
102 _aRU
105 _ay|||z|||000yy
200 1 _aФилософия социальных сетей: онтологический и социально-философский анализ
_eмонография
_eпамяти профессора А. Я. Райбекаса
_fА. Б. Шалимов
_gЦентр развития науч. сотрудничества, Некоммерческое партнерство "Проектно-аналитическое агентство "Шаг"
210 _aНовосибирск
_cЦРНС
_d2013
215 _a152 с.
_d21
320 _aБиблиогр.: с. 133-152 (245 назв.)
606 _aСоциальные сети
_xСоциально-философские вопросы
_92206532
_3RU\NLR\AUTH\6601560062
610 0 _aсоциальные сети - форма бытия человека
610 0 _aсоциализация личности
675 _a004.7
686 1 _aС550.57
700 1 _aШалимов
_bА. Б.
_gАндрей Борисович
801 0 _aRU
_bRuMoRKP
_c20131223
_gRCR
801 2 _aRU
_bРГБ
_c20140130
_grcr
801 1 _aRU
_bRuMoRKP
_c20131223
_2rusmarc
942 _cBOOK
980 _aNBR